Discours sur la situation actuelle de la société et de l'esprit humain / (Record no. 157562)

MARC details
000 -LEADER
campo de control de longitud fija 00677nam a22002055i 4500
001 - NÚMERO DE CONTROL
campo de control 157562
003 - IDENTIFICADOR DE NÚMERO DE CONTROL
campo de control ES-MaACL
005 - FECHA Y HORA DE LA ÚLTIMA TRANSACCIÓN
campo de control 20250717063039.0
008 - DATOS DE LONGITUD FIJA--INFORMACIÓN GENERAL
campo de control de longitud fija 040831s1847 fr |||| | fre d
040 ## - FUENTE DE CATALOGACIÓN
Centro catalogador/agencia de origen CAM
Lengua de catalogación spa
Centro/agencia transcriptor CAM
100 1# - ENTRADA PRINCIPAL--NOMBRE DE PERSONA
Nombre de persona Leroux, Pierre,
Fechas asociadas al nombre 1797-1871
9 (RLIN) 128894
245 10 - MENCIÓN DEL TÍTULO
Título Discours sur la situation actuelle de la société et de l'esprit humain /
Mención de responsabilidad, etc. par Pierre Leroux.
250 ## - MENCION DE EDICION
Mención de edición Nouvelle ed.
260 ## - PUBLICACIÓN, DISTRIBUCIÓN, ETC.
Lugar de publicación, distribución, etc. A Boussac :
Nombre del editor, distribuidor, etc. [s.n.],
Fecha de publicación, distribución, etc. 1847 (
Fabricante Imprimerie de Pierre Leroux)
300 ## - DESCRIPCIÓN FÍSICA
Extensión X, 243, 232 p. ;
Dimensiones 16 cm.
597 ## - NOTA DE DESCRIPCIÓN FÍSICA
NOTA DE DESCRIPCIÓN FÍSICA 2 t. en 1 v.
752 ## - ENTRADA AGREGADA--NOMBRE JERÁRQUICO DEL LUGAR
País o entidad superior Francia -
Ciudad Boussac
852 ## - LOCALIZACIÓN
Ubicación ES-MaACL
Número de control de estantería G-10770
Nota libre -- Enc. hol.
Holdings
Estatus retirado Estado de pérdida Estado de daño No para préstamo Colección Biblioteca de origen Biblioteca actual Ubicación en estantería Fecha de adquisición Fuente de adquisición Total de préstamos Signatura topográfica completa Código de barras Visto por última vez Precio de reemplazo Tipo de ítem Koha
        Libros del s. XIX Biblioteca del Ateneo de Madrid Biblioteca del Ateneo de Madrid Sala Pecera Planta 3 17/01/2008     G-10770 1164883 23/02/2023 23/02/2023 Libro impreso antiguo